City Flags Quiz #4 - Statistics

General Stats
  • This quiz has been taken 5 times
  • The average score is 5 of 11
Answer Stats
Picture Answer % Correct
Cardiff
80%
London
80%
York
80%
Belfast
60%
Birmingham
60%
Edinburgh
60%
Aberdeen
40%
Gibraltar
40%
Lincoln
20%
Durham
0%
Portsmouth
0%
No matching quizzes found
Score Distribution
Percent of People with Each Score
Percentile by Number Answered
Your Score History
You have not taken this quiz